| 000 | 01099cam a2200289 a 4500 | ||
|---|---|---|---|
| 001 | 000011971 | ||
| 005 | 20260409194019.0 | ||
| 008 | 990514s1998 sw a b 000 0 spa d | ||
| 020 | _a9185894532 | ||
| 040 |
_aDO-SdBNP _bspa _cDLC _dBNPHU |
||
| 082 |
_a327.17 _bB419c |
||
| 100 | 1 |
_aBehar, Jaime. _928268 |
|
| 245 | 1 | 0 |
_aCooperación y competencia en un mercado común : _bestudios sobre la economía del MERCOSUR / _cJaime Behar. |
| 260 |
_aStockholm, Suecia : _bInstitute of Latin American Studies ; _bStockholm University, _c1998. |
||
| 300 |
_a171 p. : _bil. ; _c24 cm. |
||
| 490 | 1 |
_aMonograph _v33 |
|
| 504 | _aIncluye referencias bibliográficas (p. [167]-171). | ||
| 650 | 0 |
_aCooperación internacional _91240 |
|
| 650 | 0 |
_aCrisis económica _99159 |
|
| 651 | 4 |
_aAmérica Del Sur _xTratados Comerciales _928269 |
|
| 651 | 4 |
_aAmérica Del Sur _xTratados Internacionales _928270 |
|
| 651 | 4 |
_aAmérica Del Sur _xIntegración Económica _928271 |
|
| 610 | 2 | 0 |
_aMERCOSUR (Organización) _928272 |
| 830 | 0 |
_aMonograph ; _v33 _928273 |
|
| 910 | _aCatalogación por copia / LC | ||
| 049 | _aBNGR | ||
| 999 |
_c11641 _d11641 |
||